| 000 | 00636 a2200157 4500 | ||
|---|---|---|---|
| 003 | Nust | ||
| 005 | 20221229113022.0 | ||
| 040 | _cNust | ||
| 082 | _a355.02,MEM | ||
| 245 |
_aMemories 34th PMA Long Course, _b1964-2012 / _cBrig Parwez Mahmood Khan (Retd) |
||
| 260 |
_aPakistan Miltary Academy _bKakul _c2012 |
||
| 300 | _a264 p | ||
| 505 | _aPart I: The Selection (Page-007), Part II: Kakul Days (Page-011), Part III: Passing out parade (Page-085), Part IV: Life after PMA (Page-101), Part V: Profiles (Page-160), Part VI: Contact Information (Page-253). | ||
| 650 |
_aA Journey of 48 Years _9106319 |
||
| 942 |
_2ddc _cBK _k355.02,MEM |
||
| 999 |
_c195249 _d195249 |
||